=LDR 00000nam 2200000 4500 =001 INLIS000000000026870 =005 20130612125304 =008 ***********************************ind** =035 ##$$0010-061300000026870 =041 ##$$a ind =082 ##$$a 745.61 =090 ##$$a 745.61, AHM r =100 ##$$a Ahmad, Abd. Aziz =245 ##$$a Ragam karakter kaligrafi Islam, Mengupas tuntas kaligrafi ekspresi, oleh Abd. Aziz Ahmad, H.D. Sirojuddin AR =260 ##$$a 2006 $b Jakarta =300 ##$$a xviii, 123 hlm., ilus., 19 cm =650 ##$$a Kaligrafi =700 ##$$a Sirojuddin AR, H.D =850 ##$$a NBPNMAT